=LDR 00000nam 2200000 4500 =001 INLIS000000000021331 =005 20130612120209 =008 ***********************************Ind** =035 ##$$0010-061300000021331 =041 ##$$a Ind =082 ##$$a 300.18 =090 ##$$a 300.18, Naw m =100 ##$$a Nawawi, Hadari =245 ##$$a Metode penelitian bidang sosial, Hadari Nawawi =260 ##$$a 1995 $b Yogyakarta =300 ##$$a ix, 249 hlm, 21 cm =650 ##$$a Ilmu Sosial-metode penelitian =850 ##$$a NBPNMAT